书目信息 |
| 题名: |
新概念英语词汇录音多模式跟读训练
|
|
| 作者: | ;酷炫英语编写组 编著 | |
| 分册: | 3 | |
| 出版信息: | 北京 中国水利水电出版社 2008.07 |
|
| 页数: | 350页 | |
| 开本: | 19cm | |
| 丛书名: | ||
| 单 册: | ||
| 中图分类: | H313.1 | |
| 科图分类: | ||
| 主题词: | 英语--ying yu--词汇--自学参考资料 | |
| 电子资源: | ||
| ISBN: | 978-7-5084-5661-4 | |
| 000 | 00959nam0 2200253 450 | |
| 001 | 012009907531 | |
| 005 | 20120421094630.64 | |
| 010 | @a978-7-5084-5661-4@dCNY20.00 (含光盘) | |
| 010 | @a978-7-88714-207-8@b光盘 | |
| 016 | @aCN-M15-08-0028-0@b光盘 | |
| 100 | @a20091128d2008 em y0chiy0120 ea | |
| 101 | 0 | @achi@aeng |
| 102 | @aCN@b110000 | |
| 105 | @ay z 000yy | |
| 106 | @ar | |
| 200 | 1 | @a新概念英语词汇录音多模式跟读训练@Axin gai nian ying yu ci hui lu yin duo mo shi gen du xun lian@h3@f酷炫英语编写组编著@Fku xuan ying yu bian xie zu bian zhu |
| 210 | @a北京@c中国水利水电出版社@d2008.07 | |
| 215 | @a350页@d19cm@e光盘1片 | |
| 330 | @a本书分为慢速跟读,慢速连续,慢速、标准语速对比跟读,标准语速跟读和标准语速连续五部分,实用性很强。 | |
| 606 | 0 | @a英语@Aying yu@x词汇@j自学参考资料 |
| 690 | @aH313.1@v4 | |
| 711 | 02 | @a酷炫英语编写组@Aku xuan ying yu bian xie zu@4编著 |
| 801 | 0 | @aCN@bQSSK@c20091128 |
| 905 | @b768089-93@dH313.1@eK877:3@f5 | |
| 新概念英语词汇录音多模式跟读训练.3/酷炫英语编写组编著.-北京:中国水利水电出版社,2008.07 |
| 350页;19cm+光盘1片 |
| ISBN 978-7-5084-5661-4:CNY20.00 (含光盘) |
| 本书分为慢速跟读,慢速连续,慢速、标准语速对比跟读,标准语速跟读和标准语速连续五部分,实用性很强。 |
| ● |
| 相关链接 |
|
|
|
正题名:新概念英语词汇录音多模式跟读训练
索取号:H313.1/K877:3
 
预约/预借
| 序号 | 登录号 | 条形码 | 馆藏地/架位号 | 状态 | 备注 |
| 1 | 768089 | 207680892 | 语言库209/209语言库 32排5列2层/ [索取号:H313.1/K877:3] | 在馆 | |
| 2 | 768090 | 207680909 | 语言库209/209语言库 32排5列2层/ [索取号:H313.1/K877:3] | 在馆 | |
| 3 | 768091 | 207680918 | 语言库209/209语言库 32排5列2层/ [索取号:H313.1/K877:3] | 在馆 | |
| 4 | 768092 | 207680927 | 语言库209/209语言库 32排5列2层/ [索取号:H313.1/K877:3] | 在馆 | |
| 5 | 768093 | 207680936 | 语言库209/209语言库 32排5列2层/ [索取号:H313.1/K877:3] | 在馆 |